Modern methods of organic synthesis. (Record no. 153019)

MARC details
000 -LEADER
fixed length control field 00896nam a2200277 a 4500
008 - FIXED-LENGTH DATA ELEMENTS--GENERAL INFORMATION
fixed length control field
020 ## - INTERNATIONAL STANDARD BOOK NUMBER
International Standard Book Number 0521778301 (pbk.)
049 ## - LOCAL HOLDINGS (OCLC)
Holding library MAIN
090 ## - LOCALLY ASSIGNED LC-TYPE CALL NUMBER (OCLC); LOCAL CALL NUMBER (RLIN)
Classification number (OCLC) (R) ; Classification number, CALL (RLIN) (NR) QD262
Local cutter number (OCLC) ; Book number/undivided call number, CALL (RLIN) CAR
003 - CONTROL NUMBER IDENTIFIER
control field
005 - DATE AND TIME OF LATEST TRANSACTION
control field 20230123133707.0
040 ## - CATALOGING SOURCE
Transcribing agency NUST
100 1# - MAIN ENTRY--PERSONAL NAME
Personal name Carruthers, W.
245 10 - TITLE STATEMENT
Title Modern methods of organic synthesis.
250 ## - EDITION STATEMENT
Edition statement 4th ed. /
Remainder of edition statement W. Carruthers, Iain Coldham.
260 ## - PUBLICATION, DISTRIBUTION, ETC.
Place of publication, distribution, etc. Cambridge :
Name of publisher, distributor, etc. Cambridge University Press,
Date of publication, distribution, etc. 2004.
300 ## - PHYSICAL DESCRIPTION
Extent xii, 493 p. :
Other physical details ill. ;
Dimensions 26 cm.
500 ## - GENERAL NOTE
General note Rev. ed. of: Some modern methods of organic synthesis.
504 ## - BIBLIOGRAPHY, ETC. NOTE
Bibliography, etc. note Includes bibliographical references.
500 ## - GENERAL NOTE
General note Includes index.
650 #0 - SUBJECT ADDED ENTRY--TOPICAL TERM
Topical term or geographic name entry element Organic compounds
General subdivision Synthesis.
700 1# - ADDED ENTRY--PERSONAL NAME
Personal name Coldham, Iain.
700 1# - ADDED ENTRY--PERSONAL NAME
Personal name Carruthers, W.
Title of a work Some modern methods of organic synthesis.
907 ## - LOCAL DATA ELEMENT G, LDG (RLIN)
a .b10120129
b 20-04-12
c 30-04-04
942 ## - ADDED ENTRY ELEMENTS (KOHA)
Koha item type Ordinary Loan Books
Call number prefix QD262
Call number suffix CAR
Holdings
Date last seen Total Checkouts Full call number Barcode Cost, replacement price Price effective from Koha item type Lost status Source of classification or shelving scheme Damaged status Not for loan Collection Withdrawn status Home library Current library Shelving location Date acquired Cost, normal purchase price
01/23/2023 11 QD262 CAR 92003020068 80.00 01/23/2023 BOOKS   LCC     NFIC   MAIN MAIN GEN 01/23/2023 80.00